000 00846nam a2200289 a 4500
001 000108490
003 CHAP
005 20220329144014.0
008 140218m2007 mx a |r| |||||||spa d
010 _a104952
011 _a105924
020 _a968903720X
040 _cCHAP
082 0 4 _a574.0920972
_bL47
100 1 _aLedesma Mateos, Ismael
_9125478
245 1 0 _aDe Balderas a la Casa del Lago :
_bla institucionalización de la biología en México /
_cpor Ismael Ledesma-Mateos.
260 _aMéxico, D.F. :
_bUACM,
_c2007.
300 _a351 p. :
_bil., laminas.
490 1 _aCiencia y sociedad
590 _aE6096MTM
_b05
_c20140218
_lUCH01
_h1408
650 1 4 _aBiología
_xHistoria.
_912785
650 1 4 _aBiólogos mexicanos.
_912841
830 0 _aCiencia y sociedad
_923156
901 _aBK
942 _cLIBRO
942 _n0
999 _c104952
_d104952